000 01728nam0a22004451 4500
001 RU\NLR\A1SV\30639
005 20260406131235.0
035 _a(NLR Aleph) 009714539
090 _a9849250
_c9849250
100 _a20110709d1925 u y0rusy50 ca
101 0 _arus
_ceng
102 _aRU
105 _ay z 000yy
200 1 _aКипящий горшок
_eКомедия в 4 д.
_fЭптон Синклэр. Upton Sinclair
_gПер. с англ. К.Жихаревой
_gПод ред. К.Чуковского
210 _aМ.
_cГос. изд.
_d1925
215 _a111 с.
_d18 см
225 1 _aВсемирная литература
300 _aНа шмуцтит. загл. также на англ. яз.: The pot boiler
300 _aНа обл. сер.: Новости иностр. лит.
300 _aНапеч. в Ленинграде
620 _dСанкт-Петербург
620 _dМосква
700 1 _8rus
_7ca
_aСинклер
_bЭ. Б.
_gЭптон Билл
_f1878-1968
_3RU\NLR\AUTH\7745462
_928400
702 1 _4730
_8rus
_7ca
_aЖихарева
_bК. М.
_fок.1879-1950
_gКсения Михайловна
_3RU\NLR\AUTH\77116785
_999710
702 1 _4340
_8rus
_7ca
_aЧуковский
_bК. И.
_f1882-1969
_gКорней Иванович
_3RU\NLR\AUTH\771522
_9111544
790 1 _6z01700
_aSinclair
_bU.
_gUpton
790 1 _6z02700
_aСинклэр
_bЭ.
_gЭптон
801 0 _aRU
_bNLR
_c20110709
852 _aNLR
_j18/176
852 _aNLR
_jЛ 60 В-3/735
899 _aСамОУНБ
899 _aНБ РК
899 _aСПбГУ
899 _aРГБ
899 _aКирОУНБ
942 _cBOOK
980 _aNB
980 _aCHUKOVSKY
980 _aA1SV